| 000 | 01419nam a22003497a 4500 | ||
|---|---|---|---|
| 003 | CHAP | ||
| 005 | 20220329134028.0 | ||
| 008 | 971013s1976 r 00010 d | ||
| 010 | _a14336 | ||
| 011 | _a15308 | ||
| 035 | _a19383 | ||
| 040 | _cCHAP | ||
| 082 |
_a630.72 _bG65 |
||
| 100 | 0 | 0 |
_aGonzález Romero, Vicente. _949369 |
| 245 | _aInventario nacional de los recursos dedicados a la investigación científica agropecuaria en México | ||
| 260 |
_aChapingo, Méx. : _bENA. Colegio de Postgraduados. Centro de Estadística y Cálculo, _c1976 |
||
| 300 | _a2 v. | ||
| 505 | _aContenido: v.1 Instituciones y unidades de investigación.- v.2 Proyectos y personal científico | ||
| 590 |
_aBATCH-UPD _b10 _c20130110 _lUCH01 _h1015 |
||
| 590 |
_aBATCH-UPD _b10 _c20130410 _lUCH01 _h0622 |
||
| 590 |
_aBATCH-UPD _b10 _c20130913 _lUCH01 _h2102 |
||
| 590 |
_aCONVERSION _b10 _c20130109 _lUCH01 _h1309 |
||
| 650 | 1 | 4 |
_aAgricultura _xInvestigación _xMéxico. _91643 |
| 650 | 1 | 4 |
_aGanadería _xInvestigación _zMéxico. _944808 |
| 650 | 1 | 4 |
_aRecursos humanos. _995137 |
| 901 | _aBK | ||
| 942 | _cLIBRO | ||
| 949 |
_a630.72 G65 _bBC _cLIBRO _d33724000038022 _eLIBRO _fv.1 _h42883 _i19383 _mD _si |
||
| 949 |
_a630.72 G65 _bBC _cLIBRO _d33724000038030 _eLIBRO _fv.2 _h42884 _i19383 _si |
||
| 949 |
_a630.72 G65 _bBC _cUACH _d-45074 _eUACH _fv.1 c.2 _h42885 _i19383 _mD _si |
||
| 949 |
_a630.72 G65 _bBC _cUACH _d-48067 _eUACH _fv.2 c.2 _h42886 _i19383 _si |
||
| 999 |
_c14336 _d14336 |
||